Valuing tenancy on dissolution of partnership (Record no. 65216)
[ view plain ]
| 000 -LEADER | |
|---|---|
| fixed length control field | 01031cam a2200205 4500 |
| 008 - FIXED-LENGTH DATA ELEMENTS--GENERAL INFORMATION | |
| fixed length control field | 000000n2000 000 0 eng u |
| 035 ## - SYSTEM CONTROL NUMBER | |
| System control number | (Sirsi) u109267 |
| 245 ## - TITLE STATEMENT | |
| Title | Valuing tenancy on dissolution of partnership |
| 260 ## - PUBLICATION, DISTRIBUTION, ETC. | |
| Date of publication, distribution, etc. | 2000 |
| 520 ## - SUMMARY, ETC. | |
| Summary, etc. | "Greenbank v Pickles" CA 20 October 2000. Where a tenancy of an agricultural holding was to be assigned to one party following the dissolution by consent of the partnership to which the tenancy had originally been granted, the consent order assumed a sale on the open market when valuing the tenancy. Appeal allowed. Copies of judgment available on http://www.courtservice.gov.uk/judgement/judg-frame.htm. |
| 590 ## - LOCAL NOTE (RLIN) | |
| Local note | WB |
| 650 ## - SUBJECT ADDED ENTRY--TOPICAL TERM | |
| Topical term or geographic name entry element | GREENBANK V PICKLES |
| 650 ## - SUBJECT ADDED ENTRY--TOPICAL TERM | |
| Topical term or geographic name entry element | DISSOLUTION OF PARTNERSHIP |
| 650 ## - SUBJECT ADDED ENTRY--TOPICAL TERM | |
| Topical term or geographic name entry element | Valuation |
| 9 (RLIN) | 6273 |
| 650 ## - SUBJECT ADDED ENTRY--TOPICAL TERM | |
| Topical term or geographic name entry element | TENANCY |
| 690 ## - LOCAL SUBJECT ADDED ENTRY--TOPICAL TERM (OCLC, RLIN) | |
| Topical term or geographic name as entry element | LANDLORD AND TENANT-AGRICULTURAL TENANCIES-CASE LAW |
| 856 ## - ELECTRONIC LOCATION AND ACCESS | |
| Host name | courtservice |
| Uniform Resource Identifier | <a href="https://www.courtservice.gov.uk/judgements/judg-frame.htm">https://www.courtservice.gov.uk/judgements/judg-frame.htm</a> |
| 856 ## - ELECTRONIC LOCATION AND ACCESS | |
| Host name | thetimes |
| Uniform Resource Identifier | <a href="https://www.thetimes.co.uk">https://www.thetimes.co.uk</a> |
| 942 ## - ADDED ENTRY ELEMENTS (KOHA) | |
| Suppress in OPAC | 0 |
| Withdrawn status | Lost status | Source of classification or shelving scheme | Damaged status | Not for loan | Home library | Current library | Shelving location | Date acquired | Total Checkouts | Barcode | Date last seen | Copy number | Price effective from | Koha item type |
|---|---|---|---|---|---|---|---|---|---|---|---|---|---|---|
| Dewey Decimal Classification | Virtual | Virtual | Online | 09/11/2000 | 109267-2001 | 06/08/2019 | 1 | 06/08/2019 | Law report |